| 000 | 01352nam a2200265 a 4500 | ||
|---|---|---|---|
| 001 | 000013200 | ||
| 005 | 20250314113209.0 | ||
| 008 | 091120s1984 dr ab 001 0 spa d | ||
| 040 |
_aDO-SdBNP _bspa _cBNPHU |
||
| 082 |
_a333.7516 _bL962i |
||
| 100 | 1 |
_aLuna, José, _d1888-1975 _930275 |
|
| 245 | 1 | 0 |
_aInformes y recomendaciones para la conservación de nuestros bosques y ríos / _cJosé Luna ; prólogo Roque Adames. |
| 260 |
_aSan José de las Matas : _bPlan Sierra, _c1984. _eSanto Domingo : |
||
| 300 |
_a186 p. : _bil., mapas ; _c23 cm. |
||
| 490 | 1 |
_aDocumentos _v2 |
|
| 505 | 0 |
_gA manera de prólogo / _rRoque Adames -- _tEl ingeniero Don José Luna -- _tInforme sobre la creación de un "Distrito Central de Conservación de Montes y Agua" -- _tInforme sobre el Río Yaque del Norte -- _tInforme sobre repoblación forestal -- _tInforme sobre repoblación forestal, Plan Regional y Fomento del Turismo -- _tExposición al Honorable Ayuntamiento de Santiago. |
|
| 590 | _aInventariado, 2018/LP | ||
| 650 | 0 |
_aConservación de los recursos naturales _91562 |
|
| 650 | 4 |
_aConservación de los bosques _930276 |
|
| 650 | 4 |
_aConservación de corrientes de agua _930277 |
|
| 650 | 4 |
_aEcología de corrientes de agua _930278 |
|
| 700 | 1 |
_aAdames, Roque, _epról. _930279 |
|
| 830 | 0 |
_aDocumentos ; _n2 _930280 |
|
| 910 | _aValidado. Control de calidad EMS | ||
| 999 |
_c12839 _d12839 |
||